Trabajar con sonido digital en un pc : automatizar una emisora de radio

में बचाया:
ग्रंथसूची विवरण
मुख्य लेखकों: Bresó Flores, Vicente 1971- (लेखक, autor), Ibáñez Oro, M. José (लेखक, autor)
स्वरूप: ई-पुस्तक
भाषा:स्पेनिश
प्रकाशित: Valencia Publicacions de la Universitat de València, 2007
विषय:
ऑनलाइन पहुंच:https://elibro.unach.elogim.com/es/lc/unach/titulos/292231
टैग: टैग जोड़ें
कोई टैग नहीं, इस रिकॉर्ड को टैग करने वाले पहले व्यक्ति बनें!

MARC

LEADER 00000nam a2200000 i 4500
001 ELB292231
003 FINmELB
005 20250801160925.0
006 m o d |
006 m |o d
007 cr cnu||||||||
007 cr |n ||||||||
008 260219s2007 sp o 000 0 spa d
020 |a 9788437084015  |q (ebook) 
020 |z 9788437068169 
035 |a (OCoLC)991944047 
040 |a FINmELB  |b eng  |e rda  |c FINmELB 
050 4 |a TK7881.4  |b B747 2007 
080 |a 621.396 
080 |a 681.846 
082 0 4 |a 621.389  |2 23 
100 1 |a Bresó Flores, Vicente  |d 1971-  |e autor  |4 aut 
245 1 0 |a Trabajar con sonido digital en un pc :  |b automatizar una emisora de radio  |c Vicente Bresó Flores, M. José Ibáñez Oro 
264 1 |a Valencia  |b Publicacions de la Universitat de València,  |c 2007 
300 |a 1 recurso en línea 
336 |a texto  |b txt  |2 rdamedia/spa 
337 |a computadora  |b c  |2 rdamedia/spa 
338 |a recurso en línea  |b cr  |2 rdacarrier/spa 
500 |a Registro generado automáticamente a partir de metadatos facilitados por DILVE 
588 |a Descripción basada en metadatos suministrados por el editor y otras fuentes. 
590 |a Recurso electrónico. Santa Fe, Arg.: elibro, 2026. Disponible vía World Wide Web. El acceso puede estar limitado para las bibliotecas afiliadas a elibro. 
650 4 |a Radiodifusión digital 
650 4 |a Sonido  |x Grabación y reproducción digital 
655 4 |a Libros electrónicos. 
700 1 |a Ibáñez Oro, M. José  |e autor  |4 aut 
797 2 |a elibro, Corp. 
856 4 0 |u https://elibro.unach.elogim.com/es/lc/unach/titulos/292231